| 000 | 01650cai a22002775a 4500 | ||
|---|---|---|---|
| 001 | L146295 | ||
| 008 | 090106c1991 xxk f 001 0 eng d | ||
| 020 | _a9781855247239 | ||
| 035 | _a(Sirsi) u146295 | ||
| 041 | 0 | _aeng | |
| 050 | 0 | 4 | _a333 $2 18 |
| 245 | 0 | 4 | _aThe surveyor's factbook |
| 260 |
_aLondon _bGee _c1991-2007 _aKingston-upon-Thames _bWolters Kluwer _c2008- |
||
| 300 |
_a1 v. (loose-leaf) _c24 cm. |
||
| 350 | _a225.00 | ||
| 500 | _aBook updated twice a year. | ||
| 505 | 2 | _aHow to use -- Index -- Building surveying/Administration -- Planning and development -- Valuation -- Rating and council tax -- Landlord and tenant -- Dilapidations -- Estate agency -- Professional practice -- Tax and accounting -- Property management -- Insurance -- Facts and figures | |
| 520 | _aProvides practical information, interpretation and guidance in the areas of building surveying, planning and development, valuation, rating and council tax, landlord and tenant, dilapidations, estate agency, professional practice, tax and accounting, property management and insurance. Contains facts and figures such as useful addresses, national financial statistics and tables, agricultural statistics, and mortgage repayment tables. | ||
| 520 | _aThis looseleaf is up-to-date as at August 2009. We have cancelled our subscription and will remove this title from our collection when it becomes out-of-date. Please ask a member of staff for more details. | ||
| 521 | _aAdvanced | ||
| 590 | _aKA | ||
| 651 | 4 |
_aUnited Kingdom _y |
|
| 690 | _aMANAGEMENT-BUSINESS MANAGEMENT-PROFESSIONAL PRACTICE | ||
| 700 | 1 |
_aMoreton, Peter _eEditor |
|
| 942 | _n0 | ||
| 999 |
_c109101 _d109101 |
||